<?xml version="1.0" encoding="UTF-8"?>
<record
    xmlns:xsi="http://www.w3.org/2001/XMLSchema-instance"
    xsi:schemaLocation="http://www.loc.gov/MARC21/slim http://www.loc.gov/standards/marcxml/schema/MARC21slim.xsd"
    xmlns="http://www.loc.gov/MARC21/slim">

  <leader>01084nam a2200217 i 4500</leader>
  <controlfield tag="001">86309</controlfield>
  <controlfield tag="003">ES-MaACL</controlfield>
  <controlfield tag="007">t|</controlfield>
  <controlfield tag="008">041223s1999    sp           ||||1| spa d</controlfield>
  <datafield tag="080" ind1=" " ind2=" ">
    <subfield code="a">940.1(084.42)</subfield>
  </datafield>
  <datafield tag="080" ind1=" " ind2=" ">
    <subfield code="a">940.2"15"(084.42)</subfield>
  </datafield>
  <datafield tag="245" ind1="0" ind2="0">
    <subfield code="a">Atlas hist&#xF3;rico multimedia </subfield>
    <subfield code="b">: . Vol. 3, El fin del Medievo y el Renacimiento [</subfield>
    <subfield code="h">Recurso electr&#xF3;nico].</subfield>
  </datafield>
  <datafield tag="260" ind1=" " ind2=" ">
    <subfield code="a">[Madrid?] : </subfield>
    <subfield code="b">Mediasat Espa&#xF1;a, </subfield>
    <subfield code="c">[1999]</subfield>
  </datafield>
  <datafield tag="300" ind1=" " ind2=" ">
    <subfield code="a">1 disco compacto (CD-ROM) ; </subfield>
    <subfield code="c">12 cm.</subfield>
  </datafield>
  <datafield tag="500" ind1=" " ind2=" ">
    <subfield code="a">Requisitos del sistema: Pentium, 32 Mb de RAM, Windows 3.1/Windows 95, Lector de CD-ROM 4x, Gr&#xE1;ficos 800x600-65.000 colores, Tarjeta de sonido.</subfield>
  </datafield>
  <datafield tag="505" ind1="8" ind2=" ">
    <subfield code="a">Contiene: Gengis Khan y el Imperio Mongol - Italia, entre la Edad Media y el Renacimiento - Europa al final de la Edad Media - Las primeras exploraciones - El descubrimiento de Am&#xE9;rica - La expansi&#xF3;n colonial - Las dinast&#xED;as de los Ming y de los Manch&#xFA;</subfield>
  </datafield>
  <datafield tag="650" ind1="1" ind2="4">
    <subfield code="a">Historia medieval-</subfield>
    <subfield code="x">Atlas-</subfield>
    <subfield code="v">CD-ROM</subfield>
    <subfield code="9">13412</subfield>
  </datafield>
  <datafield tag="650" ind1="1" ind2="4">
    <subfield code="a">Historia moderna-</subfield>
    <subfield code="x">Atlas- </subfield>
    <subfield code="v">CD-ROM</subfield>
    <subfield code="9">13422</subfield>
  </datafield>
  <datafield tag="852" ind1=" " ind2=" ">
    <subfield code="a">ES-MaACL</subfield>
    <subfield code="j">ROT 1/4/3</subfield>
  </datafield>
  <datafield tag="999" ind1=" " ind2=" ">
    <subfield code="c">86309</subfield>
    <subfield code="d">86309</subfield>
  </datafield>
  <datafield tag="952" ind1=" " ind2=" ">
    <subfield code="0">0</subfield>
    <subfield code="1">0</subfield>
    <subfield code="4">0</subfield>
    <subfield code="7">0</subfield>
    <subfield code="a">ATENEOM</subfield>
    <subfield code="b">ATENEOM</subfield>
    <subfield code="c">DEPO</subfield>
    <subfield code="d">2008-01-17</subfield>
    <subfield code="e">SC</subfield>
    <subfield code="l">0</subfield>
    <subfield code="o">ROT 1/4/3</subfield>
    <subfield code="p">1090178</subfield>
    <subfield code="r">2023-02-23 00:00:00</subfield>
    <subfield code="w">2023-02-23</subfield>
    <subfield code="y">CDROM</subfield>
  </datafield>
</record>
